Orange Lightning: The Dutch Athletics Quiz (Medium) - Statistics

General Stats
  • This quiz has been taken 7 times
  • The average score is 26 of 40
Answer Stats
Picture Hint Answer % Correct
High Jump Jin van der Lee
100%
Marathon Abdi Nageeye
75%
400m, 400m Hurdles Cathelijn Peeters
75%
1500m, 5000m Diane van Es
75%
400m Eveline Saalberg
75%
Long Jump, Triple Jump Fabian Biondina
75%
High Jump Glenka Antonia
75%
110m Hurdles Gregory Sedoc
75%
400m Isayah Boers
75%
200m, 400m Jaimie Omalla
75%
100m Joris van Gool
75%
Long Jump Justin Sluijter
75%
400m Laura de Witte
75%
400m Lisanne de Witte
75%
100m Hurdles Maayke Tjin A-Lim
75%
100m, 200m Marije van Hunenstijn
75%
Triple Jump Maureen Herremans
75%
1500m, 5000m Mike Foppen
75%
400m Myrte van der Schoot
75%
100m N'ketia Seedo
75%
Discus Throw, Shot Put Ruben Rolvink
75%
Pole Vault Rutger Koppelaar
75%
100m, 200m Tasa Jiya
75%
400m Terrence Agard
75%
100m, 200m Timo Spiering
75%
Discus Throw, Shot Put Yannick Rolvink
75%
200m, 400m Britt de Blaauw
50%
Decathlon Daan Roosenschoon
50%
Long Jump Damian Felter
50%
Long Jump David Cairo
50%
Triple Jump Fabian Florant
50%
100m, 200m Hensley Paulina
50%
110m Hurdles Jamie Sesay
50%
Decathlon Léon Mak
50%
110m Hurdles Mark Heiden
50%
Decathlon Melchior Treffers
50%
100m, 200m Onyema Adigida
50%
Javelin Throw Ryan Jansen
50%
100m Maurice Afognon
25%
Decathlon Pieter Braun
25%
No matching quizzes found
Score Distribution
Percent of People with Each Score
Percentile by Number Answered
Your Score History
You have not taken this quiz